La Llei de contractes de conreu davant el Tribunal de garanties constitucionals
Descripción Física:
266 p. ; 20 cm
Otros Autores:
Catalunya. Departament de Justícia i Dret
MARC
| LEADER | 00000nam a2200000Ia 4500 | ||
|---|---|---|---|
| 001 | 609 | ||
| 008 | 160829s1934 xx 000 0 cat d | ||
| 080 | |a D-1-125 | ||
| 100 | |a Catalunya. Lleis, etc. |9 35754 | ||
| 245 | |a La Llei de contractes de conreu davant el Tribunal de garanties constitucionals | ||
| 260 | |a Barcelona : |b Generalitat de Catalunya, Departament de Justícia i Dret, |c 1934 | ||
| 300 | |a 266 p. ; |c 20 cm | ||
| 650 | |a Agricultura |x Dret i legislació |x Catalunya |9 26904 | ||
| 700 | |a Catalunya. Departament de Justícia i Dret |9 20182 | ||
| 901 | |a Arxiu | ||
| 942 | |n 1 | ||
| 952 | |0 0 |1 0 |4 0 |6 D1125 |7 1 |9 41478 |a Arxiu |b Arxiu |d 2016-12-01 |l 0 |o D-1-125 |p 609 |r 2016-12-01 00:00:00 |w 2016-12-01 |y ARXIU | ||
| 999 | |c 43286 |d 43286 | ||